000 04261nam a22006975i 4500
001 978-3-319-67422-3
003 DE-He213
005 20210118122809.0
007 cr nn 008mamaa
008 170912s2017 gw | s |||| 0|eng d
020 _a9783319674223
_9978-3-319-67422-3
024 7 _a10.1007/978-3-319-67422-3
_2doi
050 4 _aQ334-342
072 7 _aUYQ
_2bicssc
072 7 _aCOM004000
_2bisacsh
072 7 _aUYQ
_2thema
082 0 4 _a006.3
_223
245 1 0 _aModeling Decisions for Artificial Intelligence
_h[electronic resource] :
_b14th International Conference, MDAI 2017, Kitakyushu, Japan, October 18-20, 2017, Proceedings /
_cedited by Vicenç Torra, Yasuo Narukawa, Aoi Honda, Sozo Inoue.
250 _a1st ed. 2017.
264 1 _aCham :
_bSpringer International Publishing :
_bImprint: Springer,
_c2017.
300 _aXVIII, 235 p. 57 illus.
_bonline resource.
336 _atext
_btxt
_2rdacontent
337 _acomputer
_bc
_2rdamedia
338 _aonline resource
_bcr
_2rdacarrier
347 _atext file
_bPDF
_2rda
490 1 _aLecture Notes in Artificial Intelligence ;
_v10571
505 0 _aAggregation operators, fuzzy measures and integrals -- Clustering and classication -- Data privacy and security -- Data mining and applications.
520 _aThis book constitutes the proceedings of the 14th International Conference on Modeling Decisions for Artificial Intelligence, MDAI 2017, held in Kitakyushu, Japan, in October 2017. The 18 revised full papers presented together with one invited paper and three abstracts of invited talks were carefully reviewed and selected from 30 submissions. Providing a forum for researchers to discuss models for decision and information fusion (aggregation operators) and their applications to AI, the papers are organized in topical sections on aggregation operators, fuzzy measures and integrals; clustering and classication; data privacy and security; data mining and applications.
650 0 _aArtificial intelligence.
650 0 _aPattern recognition.
650 0 _aData mining.
650 0 _aApplication software.
650 0 _aInformation storage and retrieval.
650 0 _aNumerical analysis.
650 1 4 _aArtificial Intelligence.
_0http://scigraph.springernature.com/things/product-market-codes/I21000
650 2 4 _aPattern Recognition.
_0http://scigraph.springernature.com/things/product-market-codes/I2203X
650 2 4 _aData Mining and Knowledge Discovery.
_0http://scigraph.springernature.com/things/product-market-codes/I18030
650 2 4 _aInformation Systems Applications (incl. Internet).
_0http://scigraph.springernature.com/things/product-market-codes/I18040
650 2 4 _aInformation Storage and Retrieval.
_0http://scigraph.springernature.com/things/product-market-codes/I18032
650 2 4 _aNumeric Computing.
_0http://scigraph.springernature.com/things/product-market-codes/I1701X
700 1 _aTorra, Vicenç.
_eeditor.
_4edt
_4http://id.loc.gov/vocabulary/relators/edt
700 1 _aNarukawa, Yasuo.
_eeditor.
_4edt
_4http://id.loc.gov/vocabulary/relators/edt
700 1 _aHonda, Aoi.
_eeditor.
_4edt
_4http://id.loc.gov/vocabulary/relators/edt
700 1 _aInoue, Sozo.
_eeditor.
_4edt
_4http://id.loc.gov/vocabulary/relators/edt
710 2 _aSpringerLink (Online service)
773 0 _tSpringer eBooks
776 0 8 _iPrinted edition:
_z9783319674216
776 0 8 _iPrinted edition:
_z9783319674230
830 0 _aLecture Notes in Artificial Intelligence ;
_v10571
856 4 0 _uhttps://doi.org/10.1007/978-3-319-67422-3
912 _aZDB-2-SCS
912 _aZDB-2-LNC
999 _c445813
_d445813
942 _cEB
506 _aAvailable to subscribing member institutions only. Доступно лише організаціям членам підписки.
506 _fOnline access from local network of NaUOA.
506 _fOnline access with authorization at https://link.springer.com/
506 _fОнлайн-доступ з локальної мережі НаУОА.
506 _fОнлайн доступ з авторизацією на https://link.springer.com/